=LDR 00000nam 2200000 4500 =001 INLIS000000000047460 =005 20151201111025.0 =006 =007 =008 =020 ##$$a 979-448-255-2 =035 ##$$0010-121500000000001 =082 ##$$a 410.7-Yam-b =100 ##$$a Dra. M. Yamilah =245 ##$$a Bahasa Indonesia untuk pendidikan tenaga kesehatan =250 ##$$a Cet. 1 =260 ##$$a Jakarta $b EGC $c 1994 =300 ##$$a ix, 144 Hlm $c 21 Cm =850 ##$$aNBPNMAT =990 ##$$a 0001/BPAP-NTB/2015 =990 ##$$a 0001/BPAP-NTB/2016